Statystyki dla W Domu Na Literę P

Kliknij tutaj aby rozwiązać quiz!

Ogólne statystyki

  • Ten quiz został rozwiązany 1 142 razy
    (983 od ostatniego zresetowania)
  • Średni wynik to 7 z 36

Statystyki odpowiedzi

Odpowiedz% Poprawnych
Pralka
64%
Poduszka
56%
Pies
44%
Pilot
38%
Pościel
38%
Piekarnik
37%
Papier
35%
Parasol
34%
Piec
33%
Parapet
31%
Pomidor
30%
Piwo
29%
Piłka
24%
Pudełko
21%
Prześcieradło
20%
Pufa
19%
Panele
18%
Pasta
15%
Pieniądze
12%
Paczka
10%
Pianino
10%
Pistolet
10%
Płaszcz
10%
Pluszak
9%
Piła
8%
Plakat
8%
Popielniczka
8%
Porcelana
8%
Pantofle
7%
Papier Toaletowy
6%
Pamiętnik
5%
Pampersy
5%
Pędzel
5%
Płyta Indukcyjna
3%
Portmonetka
3%
Prezerwatywa
2%

Rozkład punktacji

Percentyl według liczby udzielonych odpowiedzi

Procent ludzi z każdym wynikiem

Twoja historia wyników

Nie rozwiązałeś tego quizu od ostatniego zresetowania